50 Questions sur L'Italie - Statistiques

Statistiques générales
  • Ce quiz a été pris 183 fois
  • Le résultat moyen est 27 sur 50
Statistiques - réponses
Question Réponse % Correct
Capitale de L'Italie Rome
100%
Pays Totalement Enclavé dans Rome Connu pour être le Plus Petit Pays du Monde Vatican
94%
Deuxième Agglomération Italienne Milan
89%
Plat extrêmement Cliché de la Cuisine Italienne Pizza
85%
Ville Connue Pour ses Caneaux et son Tourisme Venise
83%
La Forme de L'Italie est Souvent Comparé à une _____ Botte
81%
Troisième Agglomération Italienne Naples
81%
Fleuve le Plus Long (Ayant le Même nom que le Personnage Principal de Kung Fu Panda)
81%
Chaînes de Montagne Située au Nord ouest du Pays Alpes
80%
Île Méditerranénne Située au Sud de La Corse Sardaigne
80%
Volcan ayant englouti cette Ville Vésuve
79%
Italie en Italien Italia
78%
Ville ou se Situe La Tour Penchée de Pise Pise
76%
Devise Monétaire Euro
75%
Impérator Romain Connu pour sa conquête de La Gaule Jules César
75%
Ville ayant été victime d'une Éruption en 79 Après JC Pompéi
74%
Homme Ayant Peint La Joconde Léonard de Vinci
72%
Lieu Très Visité à Rome datant de L'antiquité Colisée
70%
Frère de L'homme ci dessus ayant été Assassiné Rémus
70%
Homme Ayant Assassiné son Frère et Fondé Rome Romulus
70%
Autre Pays Totalement Enclavé dans L'Italie Saint Marin
69%
Nombre de Frontières que partage l'Italie 6
68%
Période Ayant Commencée en Italie dans les Années 1500 Succédant Au Moyen Âge Renaissance
68%
Plus Haut Volcan d'Italie Etna
67%
Peintre de La Voûte de La Chapelle Sixtine Michel ange
65%
Capitale de la Sicile Palerme
64%
Chef Arverne Connu pour avoir résisté aux Attaques Romaines Vercingétorix
63%
Date de L'Entrée en Guerre de L'Italie pendant la Première Guerre Mondiale 1915
61%
Ancien Dictateur Ayant Gouverné L'Italie de 1922 à 1943 Très Proche de Adolf Hitler Benito Mussolini
55%
Devise Monétaire Présecésseuse de La Monnaie Présente Actuellement Lire
50%
Empereur Romain Accusé d'avoir Brûlé Rome Néron
50%
Ville Italienne ayant Donné Le Nom de L'araignée Nommée Tarentule Tarente
42%
Territoire Touchant les Alpes cédé à La France Pendant L'unification Italienne Savoie
41%
Championnat de Football Italien Série A
40%
Actuelle Première Ministre Giorgia Meloni
34%
Chef Lieu de la Sardaigne Cagliari
32%
Pays Ayant Contrôlé le Sud de L'Italie au XVIIIe Siècle Espagne
28%
Ancienne Colonie Italienne située au Moyen Orient Libye
28%
Ville de Sicile ou à vécu le Législateur Charondas Catane
24%
Date de La Chute de L'empire Romain 476
21%
Canton Suisse Italophone Tessin
20%
Date de L'unification Italienne 1861
17%
Année Ou L'Italie à Arrêtée d'être une Monarchie 1946
17%
Territoire ou se Situe La Ville de Nice cédé à La France Pendant L'unification Italienne Alpes Maritimes
15%
Président Français Assassiné par un Anarchiste Italien Sadi Carnot
15%
Date de La Fondation de Rome 753
14%
Premier Empereur Romain Octave Auguste
12%
Actuel Président Sergio Matarella
7%
Chef Barbare Ayant Réussi à faire Chuter L'empire Romain Odoacre
1%
Nom de La Femme de L'empereur Auguste Llivia
0%
Aucun quiz correspondant
Distribution des résultats
% des personnes avec chaque résultat
Percentile par nombre de réponses
Votre historique - résultats
Vous n’avez pas pris ce quiz